Where Are They From - City #12 - Statistics

General Stats
  • This quiz has been taken 24 times
  • The average score is 6 of 12
Answer Stats
Hint Answer % Correct
Linus Torvalds, Sanna Marin, Jari Kurri, Jasper Pääkkönen Helsinki
85%
Audrey Hepburn, Leopold II, Stromae, Michy Batshuayi Brussels
80%
Reese Witherspoon, Lil Wayne, Peyton Manning, Louis Armstrong New Orleans
75%
Simón Bolívar, Lele Pons, Garbiñe Muguruza, Carolina Herrera Caracas
65%
Ana Layevska, Denis Kudla, Yelena Yemchuk, Yevgeny Primakov Kiev
55%
Russell Crowe, Karl Urban, Katherine Mansfield, Julian Savea Wellington
55%
Andre Agassi, Bryce Harper, Tana Mongeau, Charisma Carpenter Las Vegas
50%
Romelu Lukaku, Matthias Schoenaerts, Abraham Ortelius, Laura Tesoro Antwerp
45%
Mehmed I, Ömer Aşık, Sabiha Gökçen, Erkan Kolçak Köstendil Bursa
35%
Theo Albrecht, Jens Lehmann, Dietrich Hollinderbäumer, Kira Walkenhorst Essen
30%
Chulalongkorn, Tammy Duckworth, Mario Maurer, Minnie Bangkok
25%
Tendai Mtawarira, Cara Black, Tongayi Chirisa, Paula Newby-Fraser Harare
20%
No matching quizzes found
Score Distribution
Percent of People with Each Score
Percentile by Number Answered
Your Score History
You have not taken this quiz